MARC

LEADER 00000nam0a2200000 4500
001 50527
005 20231031033152.0
010 |a 5887823828 
035 |a (RuTPU)RU\TPU\book\52907 
090 |a 50527 
100 |a 20030417d2003 m y0rusy50 ca 
101 0 |a rus 
102 |a RU 
105 |a y j 001zy 
200 1 |a Психологические основы "Паблик рилейшнз"  |e учебное пособие  |f Е. Н. Богданов, В. Г. Зазыкин 
205 |a 2-е изд. 
210 |a СПб.  |c Питер  |d 2003 
215 |a 208 с. 
320 |a Библиогр.: с. 199-203. 
451 1 |0 (RuTPU)RU\TPU\book\72460  |y 5-88782-382-8  |t Психологические основы "Паблик рилейшнз"  |o учебное пособие  |f Е. Н. Богданов, В. Г. Зазыкин  |e 2-е изд.  |c СПб.  |n Питер  |d 2004  |p 203 с.  |a Богданов, Е. Н. 
610 1 |a психология 
610 1 |a паблик рилейшнз 
610 1 |a PR 
610 1 |a общение 
610 1 |a связи с общественностью 
610 1 |a организации 
610 1 |a имидж 
610 1 |a политическая психология 
610 1 |a политическая реклама 
610 1 |a управленческая деятельность 
610 1 |a СМИ 
610 1 |a PR-специалисты 
610 1 |a учебные пособия 
675 |a 659.4(075.8)  |v 3 
686 |a Ю953я73  |v LBC/SL-A  |2 rubbk 
686 |a Ю955я73  |v LBC/SL-A  |2 rubbk 
700 1 |a Богданов  |b Е. Н.  |g Евгений Николаевич 
701 1 |a Зазыкин  |b В. Г.  |g Владимир Георгиевич 
801 1 |a RU  |b 63413507  |c 20030417  |g PSBO 
801 2 |a RU  |b 63413507  |c 20170330  |g PSBO 
900 |a Связи с общественностью 
900 |a Психология менеджмента 
900 |a Теория и практика связей с общественностью 
942 |c BK 
951 |a 521000 
959 |a 17/20050218  |d 1  |e 85,40  |f ЧЗГЛ:1